=LDR 00000nam 2200000 4500 =001 INLIS000000000009808 =005 20140415133803.0 =006 =007 =008 Ind =035 ##$$a 0010-061300000009808 =041 ##$$a 1 =082 ##$$a 745.572 =090 ##$$a 745.572, Sas k =100 ##$$a SasTridiwirjo, Hery Cahyo =245 ##$$a Kreasi Bunga Dari Sedotan, Hery Cahyo Sastrodiwirjo =260 ##$$a 2002 $b Jakarta =300 ##$$a iv, 84 hlm, ilus, 24 cm =650 ##$$a Kerajinan Plastik =850 ##$$a NBPNMAT =990 ##$$a 93942/BPAP-NTB/2014 =990 ##$$a 0001/BPAP-NTB/20142014